| 000 | 01065cam a2200361 a 4500 | ||
|---|---|---|---|
| 001 | 22677 | ||
| 003 | SK-KTurca | ||
| 005 | 20260415143853.0 | ||
| 008 | 240226s1957 xo gr 000 p slo | ||
| 015 | _aSNBA1957/03-00477 | ||
| 020 | _q(viazané) | ||
| 035 | _aSNK000306615 | ||
| 035 | _aurn:nbn:sk:snk-am3i6dw | ||
| 035 | _a3AFEBE0C-FEBB-474C-B1FB-7DC07CCA6AF7 | ||
| 035 | _aurn:nbn:sk:snk-am00dlow | ||
| 040 |
_aSNK _bslo _cSNK _eAACR2 |
||
| 041 | 0 | _aslo | |
| 044 |
_axo _cSK |
||
| 080 |
_a821.162.4-1 _22011 |
||
| 080 |
_a(0:82-14) _22011 |
||
| 100 | 1 |
_aTurčány, Viliam, _d1928-2021 _4aut |
|
| 245 | 1 | 0 |
_aJarky v kraji _b(verše z rokov 1946-1956) _cViliam Turčány |
| 250 | _aPrvé vydanie | ||
| 260 |
_aBratislava _bSlovenský spisovateľ _c1957 _eBratislava _fPravda |
||
| 300 |
_a99 strán _c21 cm |
||
| 366 | _e1400 kusov | ||
| 490 | 1 | _aPôvodná poézia | |
| 655 | 7 |
_aslovenská poézia _2SNKPH |
|
| 655 | 7 |
_alyrická poézia _2SNKPH |
|
| 830 | 0 | _aPôvodná poézia | |
| 942 |
_2ddc _cKLDO _n0 |
||
| 999 |
_c22677 _d22677 |
||